000 00771nam a2200289Ia 4500
005 20260324134429.0
008 008 260324s9999 xx 000 0 eng d
020 _a9781315188324
037 _aEBOOK
040 _aCRL
040 _beng
040 _cCRL
041 _2eng
041 _aeng
084 _qCRL
100 _aSteven Miles; Axel Pohl; Barbara Stauber; Andreas Walther; Rui Manuel Bargiela Banha; Maria do Carmo Gomes
_91196784
245 0 _aCommunities of Youth
245 0 _bCultural Practice and Informal Learning
260 _bTaylor and Francis
260 _c2002
365 _a
365 _b170
856 _uhttp://www.taylorfrancis.com/books/9781315188324
942 _cEBOOK
999 _c1796878
_d1796878